<?xml version="1.0" encoding="UTF-8"?><?xml-stylesheet type="text/xsl" href="static/style.xsl"?><OAI-PMH xmlns="http://www.openarchives.org/OAI/2.0/" xmlns:xsi="http://www.w3.org/2001/XMLSchema-instance" xsi:schemaLocation="http://www.openarchives.org/OAI/2.0/ http://www.openarchives.org/OAI/2.0/OAI-PMH.xsd"><responseDate>2026-06-07T05:14:14Z</responseDate><request verb="GetRecord" identifier="oai:riuma.uma.es:10630/40628" metadataPrefix="marc">https://riuma.uma.es/rest/oai/request</request><GetRecord><record><header><identifier>oai:riuma.uma.es:10630/40628</identifier><datestamp>2026-02-03T10:22:43Z</datestamp><setSpec>com_10630_1685</setSpec><setSpec>col_10630_38055</setSpec></header><metadata><record xmlns="http://www.loc.gov/MARC21/slim" xmlns:dcterms="http://purl.org/dc/terms/" xmlns:doc="http://www.lyncode.com/xoai" xmlns:xsi="http://www.w3.org/2001/XMLSchema-instance" xsi:schemaLocation="http://www.loc.gov/MARC21/slim http://www.loc.gov/standards/marcxml/schema/MARC21slim.xsd">
   <leader>00925njm 22002777a 4500</leader>
   <datafield ind2=" " ind1=" " tag="042">
      <subfield code="a">dc</subfield>
   </datafield>
   <datafield ind2=" " ind1=" " tag="720">
      <subfield code="a">González de Troya, José María</subfield>
      <subfield code="e">author</subfield>
   </datafield>
   <datafield ind2=" " ind1=" " tag="260">
      <subfield code="c">2025-06</subfield>
   </datafield>
   <datafield ind2=" " ind1=" " tag="520">
      <subfield code="a">El titanio y sus aleaciones presentan excelentes propiedades mecánicas y de resistencia a la corrosión, lo que los convierte en materiales clave en sectores como la aeronáutica o la biomedicina. Sin embargo, su tratamiento superficial mediante métodos convencionales presenta importantes limitaciones, especialmente cuando se busca alcanzar rugosidades muy bajas sin alterar la integridad del material.&#xd;
Este proyecto explora el uso del texturizado láser en régimen de nanosegundo como técnica de pulido térmico superficial sobre titanio grado 2. Para ello, se han evaluado los efectos de distintos parámetros del proceso (potencia, velocidad de escaneo, frecuencia y número de pasadas) sobre la calidad superficial, analizando rugosidades tridimensionales mediante parámetros de área como Sa, Sz, Sk o Vvc.&#xd;
Los resultados obtenidos permiten identificar combinaciones óptimas de parámetros que reducen significativamente la rugosidad superficial, partiendo de probetas con una alta rugosidad inicial, demostrando el potencial del láser de nanosegundo como alternativa viable y precisa para el acabado superficial de titanio en aplicaciones funcionales.</subfield>
   </datafield>
   <datafield ind1="8" ind2=" " tag="024">
      <subfield code="a">https://hdl.handle.net/10630/40628</subfield>
   </datafield>
   <datafield tag="653" ind2=" " ind1=" ">
      <subfield code="a">Titanio - Aleaciones - Trabajos fin de grado</subfield>
   </datafield>
   <datafield tag="653" ind2=" " ind1=" ">
      <subfield code="a">Amolado y pulido - Trabajos fin de grado</subfield>
   </datafield>
   <datafield ind2="0" ind1="0" tag="245">
      <subfield code="a">Influencia de los parámetros en el texturizado láser para operaciones de pulido en aleaciones de titanio</subfield>
   </datafield>
</record>
</metadata></record></GetRecord></OAI-PMH>